000 01256nam a2200313 i 4500
001 187199
003 SpMaBN
005 20250629063153.0
008 170505s1993 ck c |||| | spa d
080 _a008/009(861)(091)
100 1 _aRivas Sacconi, José Manuel.
_9162540
_eaut
245 1 3 _aEl latín en Colombia :
_bbosquejo histórico del humanismo colombiano /
_cJosé Manuel Rivas Sacconi ; presentación por Ignacio Chaves Cuevas.
250 _a3ª ed.
260 _aSantafé de Bogotá :
_bInstituto Caro y Cuervo,
_c1993.
300 _aXXIII, 483 páginas :
_b1 retrato del autor ;
_c22 cm.
490 1 _aObras completas de José Manuel Rivas Sacconi ;
_v1
490 1 _aBiblioteca colombiana ;
_v39
500 _aÍndice onomástico
504 _aReferencias bibliográficas.
650 7 _aHumanismo-
_zColombia.
_9162543
700 1 _aChaves Cuevas, Ignacio.
_9162544
_eaui
710 2 _aInstituto Caro y Cuervo.
_94806
_eedt
830 0 _aObras completas de José Manuel Rivas Sacconi ;
_v1
_9225533
830 0 _aBiblioteca colombiana ;
_v39
_9192743
852 _aES-MaACL
_jL-31539
_cDEPO2
_hDonat. herederos José Prat
942 _2udc
_cMONOGRAFIA
_n0
999 _c187199
_d187199